| 000 | 00348nam a2200145Ia 4500 | ||
|---|---|---|---|
| 005 | 20251222153600.0 | ||
| 008 | 251222s9999||||xx |||||||||||||| ||spa|| | ||
| 020 | _a84-95626-00-4 | ||
| 082 | _a610.73/B42 | ||
| 100 | _aBenavent Garcés, María Amparo | ||
| 245 | 0 | _aFundamentos de Enfermería | |
| 250 | _a2a.ed. | ||
| 264 | _bDAE | ||
| 942 | _cLIB | ||
| 999 |
_c31205 _d31205 |
||